000 00267nam a2200109Ia 4500
008 190216s9999||||xx |||||||||||||| ||und||
100 _aPerumpatavam Sreedharan
245 0 _aNizhalkadugalile Venal
260 _bVictory Book Bouse
650 _aMalayalam
942 _cBK
999 _c26490
_d26490